<?xml version="1.0" encoding="UTF-8"?>
<record
    xmlns:xsi="http://www.w3.org/2001/XMLSchema-instance"
    xsi:schemaLocation="http://www.loc.gov/MARC21/slim http://www.loc.gov/standards/marcxml/schema/MARC21slim.xsd"
    xmlns="http://www.loc.gov/MARC21/slim">

  <leader>00700nam a2200181 a 4500</leader>
  <controlfield tag="001">3714</controlfield>
  <controlfield tag="003">CDMR</controlfield>
  <controlfield tag="005">20130516193504.0</controlfield>
  <controlfield tag="008">130130s1999||||||||||||||||||||||||||||d</controlfield>
  <datafield tag="040" ind1=" " ind2=" ">
    <subfield code="a">CDMR</subfield>
    <subfield code="b">cat</subfield>
    <subfield code="c">CDMR</subfield>
  </datafield>
  <datafield tag="111" ind1="2" ind2=" ">
    <subfield code="a">Congreso Iberoamericano de Periodistas Especializados y T&#xE9;cnicos</subfield>
    <subfield code="c">Barcelona</subfield>
    <subfield code="d">1999</subfield>
    <subfield code="n">6&#xE8;</subfield>
    <subfield code="9">66</subfield>
  </datafield>
  <datafield tag="245" ind1="1" ind2="0">
    <subfield code="a">CIPET '99</subfield>
    <subfield code="b">: 6&#xBA; Congreso Iberoamericano de Periodistas Especializados y T&#xE9;cnicos : Barcelona, 10, 11 y 12 de febrero de 1999</subfield>
  </datafield>
  <datafield tag="260" ind1=" " ind2=" ">
    <subfield code="a">[Barcelona]</subfield>
    <subfield code="c">1999</subfield>
    <subfield code="b">AIPET</subfield>
  </datafield>
  <datafield tag="650" ind1="0" ind2="4">
    <subfield code="9">3330</subfield>
    <subfield code="a">Periodisme especialitzat</subfield>
  </datafield>
  <datafield tag="650" ind1="0" ind2="4">
    <subfield code="9">3445</subfield>
    <subfield code="a">Periodisme</subfield>
    <subfield code="x">Congressos</subfield>
  </datafield>
  <datafield tag="710" ind1="2" ind2=" ">
    <subfield code="9">328</subfield>
    <subfield code="a">Asociaci&#xF3;n Iberoamericana de Periodistas Especializados y T&#xE9;cnicos</subfield>
  </datafield>
  <datafield tag="942" ind1=" " ind2=" ">
    <subfield code="c">MON</subfield>
    <subfield code="2">udc</subfield>
  </datafield>
  <datafield tag="999" ind1=" " ind2=" ">
    <subfield code="c">3714</subfield>
    <subfield code="d">3714</subfield>
  </datafield>
  <datafield tag="952" ind1=" " ind2=" ">
    <subfield code="0">0</subfield>
    <subfield code="1">0</subfield>
    <subfield code="4">0</subfield>
    <subfield code="7">0</subfield>
    <subfield code="a">CDMR</subfield>
    <subfield code="b">CDMR</subfield>
    <subfield code="d">2013-01-16</subfield>
    <subfield code="l">0</subfield>
    <subfield code="o">Bc</subfield>
    <subfield code="p">Bc707833201301161257</subfield>
    <subfield code="r">2013-01-16</subfield>
    <subfield code="w">2013-01-16</subfield>
    <subfield code="y">MON</subfield>
  </datafield>
  <datafield tag="952" ind1=" " ind2=" ">
    <subfield code="0">0</subfield>
    <subfield code="1">0</subfield>
    <subfield code="4">0</subfield>
    <subfield code="7">0</subfield>
    <subfield code="a">LLEIDA</subfield>
    <subfield code="b">LLEIDA</subfield>
    <subfield code="d">2011-08-01</subfield>
    <subfield code="l">0</subfield>
    <subfield code="o">205EST</subfield>
    <subfield code="p">LLEIDA1312613272</subfield>
    <subfield code="r">2013-01-16</subfield>
    <subfield code="w">2013-01-16</subfield>
    <subfield code="y">MON</subfield>
  </datafield>
  <datafield tag="952" ind1=" " ind2=" ">
    <subfield code="0">0</subfield>
    <subfield code="1">0</subfield>
    <subfield code="4">0</subfield>
    <subfield code="7">0</subfield>
    <subfield code="a">GIRONA</subfield>
    <subfield code="b">GIRONA</subfield>
    <subfield code="d">2015-07-22</subfield>
    <subfield code="l">0</subfield>
    <subfield code="o">Bc 175</subfield>
    <subfield code="p">GIRONA15070118</subfield>
    <subfield code="r">2015-07-22</subfield>
    <subfield code="w">2015-07-22</subfield>
    <subfield code="y">MON</subfield>
  </datafield>
</record>
